<?xml version="1.0" encoding="UTF-8"?>
<record
    xmlns:xsi="http://www.w3.org/2001/XMLSchema-instance"
    xsi:schemaLocation="http://www.loc.gov/MARC21/slim http://www.loc.gov/standards/marcxml/schema/MARC21slim.xsd"
    xmlns="http://www.loc.gov/MARC21/slim">

  <leader>00421nam a22001697a 4500</leader>
  <datafield tag="999" ind1=" " ind2=" ">
    <subfield code="c">6292</subfield>
    <subfield code="d">6290</subfield>
  </datafield>
  <controlfield tag="005">20210906150355.0</controlfield>
  <controlfield tag="008">200518b        xxu||||| |||| 00| 0 eng d</controlfield>
  <datafield tag="020" ind1=" " ind2=" ">
    <subfield code="a">9789384875138</subfield>
  </datafield>
  <datafield tag="041" ind1=" " ind2=" ">
    <subfield code="a">eng</subfield>
  </datafield>
  <datafield tag="082" ind1=" " ind2=" ">
    <subfield code="a">628.53 MIT</subfield>
  </datafield>
  <datafield tag="100" ind1=" " ind2=" ">
    <subfield code="a">Mittal Dr. Chanchal</subfield>
    <subfield code="9">6896</subfield>
  </datafield>
  <datafield tag="245" ind1=" " ind2=" ">
    <subfield code="a">Environmental Sciences </subfield>
  </datafield>
  <datafield tag="260" ind1=" " ind2=" ">
    <subfield code="a">Modinagar (UP)</subfield>
    <subfield code="b">Unnati Publication</subfield>
    <subfield code="c">2019</subfield>
  </datafield>
  <datafield tag="300" ind1=" " ind2=" ">
    <subfield code="a">103</subfield>
  </datafield>
  <datafield tag="650" ind1=" " ind2=" ">
    <subfield code="a">Pharmacy</subfield>
    <subfield code="9">6897</subfield>
  </datafield>
  <datafield tag="942" ind1=" " ind2=" ">
    <subfield code="c">BK</subfield>
  </datafield>
  <datafield tag="952" ind1=" " ind2=" ">
    <subfield code="0">0</subfield>
    <subfield code="1">0</subfield>
    <subfield code="4">0</subfield>
    <subfield code="7">0</subfield>
    <subfield code="8">PHARMACY</subfield>
    <subfield code="a">JRU</subfield>
    <subfield code="b">JRU</subfield>
    <subfield code="c">Shelf - 26- I</subfield>
    <subfield code="d">2020-05-18</subfield>
    <subfield code="e">PURCHASE</subfield>
    <subfield code="g">89.00</subfield>
    <subfield code="l">7</subfield>
    <subfield code="m">2</subfield>
    <subfield code="o">628.53 MIT</subfield>
    <subfield code="p">24049</subfield>
    <subfield code="r">2024-06-20 10:25:13</subfield>
    <subfield code="s">2024-02-24</subfield>
    <subfield code="w">2020-05-18</subfield>
    <subfield code="y">BK</subfield>
  </datafield>
  <datafield tag="952" ind1=" " ind2=" ">
    <subfield code="0">0</subfield>
    <subfield code="1">0</subfield>
    <subfield code="4">0</subfield>
    <subfield code="7">0</subfield>
    <subfield code="8">PHARMACY</subfield>
    <subfield code="a">JRU</subfield>
    <subfield code="b">JRU</subfield>
    <subfield code="c">Shelf - 25- H</subfield>
    <subfield code="d">2020-05-18</subfield>
    <subfield code="e">PURCHASE</subfield>
    <subfield code="g">89.00</subfield>
    <subfield code="l">6</subfield>
    <subfield code="m">1</subfield>
    <subfield code="o">628.53 MIT</subfield>
    <subfield code="p">24050</subfield>
    <subfield code="r">2022-08-08 00:00:00</subfield>
    <subfield code="s">2022-08-03</subfield>
    <subfield code="w">2020-05-18</subfield>
    <subfield code="y">BK</subfield>
  </datafield>
  <datafield tag="952" ind1=" " ind2=" ">
    <subfield code="0">0</subfield>
    <subfield code="1">0</subfield>
    <subfield code="4">0</subfield>
    <subfield code="7">0</subfield>
    <subfield code="8">PHARMACY</subfield>
    <subfield code="a">JRU</subfield>
    <subfield code="b">JRU</subfield>
    <subfield code="c">Shelf - 26- I</subfield>
    <subfield code="d">2020-05-18</subfield>
    <subfield code="e">PURCHASE</subfield>
    <subfield code="g">89.00</subfield>
    <subfield code="l">4</subfield>
    <subfield code="o">628.53 MIT</subfield>
    <subfield code="p">24051</subfield>
    <subfield code="r">2026-05-06 15:54:18</subfield>
    <subfield code="s">2026-01-06</subfield>
    <subfield code="w">2020-05-18</subfield>
    <subfield code="y">BK</subfield>
  </datafield>
  <datafield tag="952" ind1=" " ind2=" ">
    <subfield code="0">0</subfield>
    <subfield code="1">0</subfield>
    <subfield code="4">0</subfield>
    <subfield code="7">0</subfield>
    <subfield code="8">PHARMACY</subfield>
    <subfield code="a">JRU</subfield>
    <subfield code="b">JRU</subfield>
    <subfield code="c">Shelf - 26- I</subfield>
    <subfield code="d">2020-05-18</subfield>
    <subfield code="e">PURCHASE</subfield>
    <subfield code="g">89.00</subfield>
    <subfield code="l">4</subfield>
    <subfield code="m">1</subfield>
    <subfield code="o">628.53 MIT</subfield>
    <subfield code="p">24052</subfield>
    <subfield code="r">2023-05-26 00:00:00</subfield>
    <subfield code="s">2023-01-10</subfield>
    <subfield code="w">2020-05-18</subfield>
    <subfield code="y">BK</subfield>
  </datafield>
  <datafield tag="952" ind1=" " ind2=" ">
    <subfield code="0">0</subfield>
    <subfield code="1">0</subfield>
    <subfield code="4">0</subfield>
    <subfield code="7">0</subfield>
    <subfield code="8">REF</subfield>
    <subfield code="a">JRU</subfield>
    <subfield code="b">JRU</subfield>
    <subfield code="c">SHELF-3-E</subfield>
    <subfield code="d">2020-05-18</subfield>
    <subfield code="e">PURCHASE</subfield>
    <subfield code="g">89.00</subfield>
    <subfield code="l">0</subfield>
    <subfield code="o">628.53 MIT</subfield>
    <subfield code="p">24053</subfield>
    <subfield code="r">2024-02-23 13:18:02</subfield>
    <subfield code="w">2020-05-18</subfield>
    <subfield code="y">BK</subfield>
  </datafield>
  <datafield tag="952" ind1=" " ind2=" ">
    <subfield code="0">0</subfield>
    <subfield code="1">0</subfield>
    <subfield code="4">0</subfield>
    <subfield code="7">0</subfield>
    <subfield code="8">PHARMACY</subfield>
    <subfield code="a">JRU</subfield>
    <subfield code="b">JRU</subfield>
    <subfield code="c">Shelf - 26- I</subfield>
    <subfield code="d">2021-02-27</subfield>
    <subfield code="e">PURCHES-1910 /17/02/21 </subfield>
    <subfield code="g">89.00</subfield>
    <subfield code="l">7</subfield>
    <subfield code="m">2</subfield>
    <subfield code="o">628.53 MIT-E</subfield>
    <subfield code="p">25621</subfield>
    <subfield code="r">2025-05-20 14:21:38</subfield>
    <subfield code="s">2025-04-23</subfield>
    <subfield code="w">2021-02-27</subfield>
    <subfield code="y">BK</subfield>
  </datafield>
  <datafield tag="952" ind1=" " ind2=" ">
    <subfield code="0">0</subfield>
    <subfield code="1">0</subfield>
    <subfield code="4">0</subfield>
    <subfield code="7">0</subfield>
    <subfield code="8">PHARMACY</subfield>
    <subfield code="a">JRU</subfield>
    <subfield code="b">JRU</subfield>
    <subfield code="c">SHELF -72 -F</subfield>
    <subfield code="d">2021-02-27</subfield>
    <subfield code="e">PURCHES-1910 /17/02/21 </subfield>
    <subfield code="g">89.00</subfield>
    <subfield code="l">4</subfield>
    <subfield code="m">3</subfield>
    <subfield code="o">628.53 MIT-E</subfield>
    <subfield code="p">25622</subfield>
    <subfield code="r">2022-06-17 00:00:00</subfield>
    <subfield code="s">2022-06-15</subfield>
    <subfield code="w">2021-02-27</subfield>
    <subfield code="y">BK</subfield>
  </datafield>
  <datafield tag="952" ind1=" " ind2=" ">
    <subfield code="0">0</subfield>
    <subfield code="1">0</subfield>
    <subfield code="4">0</subfield>
    <subfield code="7">0</subfield>
    <subfield code="8">PHARMACY</subfield>
    <subfield code="a">JRU</subfield>
    <subfield code="b">JRU</subfield>
    <subfield code="c">Shelf - 26- I</subfield>
    <subfield code="d">2021-02-27</subfield>
    <subfield code="e">PURCHES-1910 /17/02/21 </subfield>
    <subfield code="g">89.00</subfield>
    <subfield code="l">3</subfield>
    <subfield code="o">628.53 MIT-E</subfield>
    <subfield code="p">25623</subfield>
    <subfield code="r">2022-12-20 00:00:00</subfield>
    <subfield code="s">2022-06-16</subfield>
    <subfield code="w">2021-02-27</subfield>
    <subfield code="y">BK</subfield>
  </datafield>
  <datafield tag="952" ind1=" " ind2=" ">
    <subfield code="0">0</subfield>
    <subfield code="1">0</subfield>
    <subfield code="4">0</subfield>
    <subfield code="7">0</subfield>
    <subfield code="8">PHARMACY</subfield>
    <subfield code="a">JRU</subfield>
    <subfield code="b">JRU</subfield>
    <subfield code="c">Shelf - 26- I</subfield>
    <subfield code="d">2021-02-27</subfield>
    <subfield code="e">PURCHES-1910 /17/02/21 </subfield>
    <subfield code="g">89.00</subfield>
    <subfield code="l">8</subfield>
    <subfield code="o">628.53 MIT-E</subfield>
    <subfield code="p">25624</subfield>
    <subfield code="r">2025-11-03 13:01:30</subfield>
    <subfield code="s">2025-10-30</subfield>
    <subfield code="w">2021-02-27</subfield>
    <subfield code="y">BK</subfield>
  </datafield>
  <datafield tag="952" ind1=" " ind2=" ">
    <subfield code="0">0</subfield>
    <subfield code="1">0</subfield>
    <subfield code="4">0</subfield>
    <subfield code="7">0</subfield>
    <subfield code="8">PHARMACY</subfield>
    <subfield code="a">JRU</subfield>
    <subfield code="b">JRU</subfield>
    <subfield code="c">SHELF-3-D</subfield>
    <subfield code="d">2021-02-27</subfield>
    <subfield code="e">PERCHES- 1910/17-02-2021</subfield>
    <subfield code="g">89.00</subfield>
    <subfield code="l">0</subfield>
    <subfield code="o">628.53 MIT</subfield>
    <subfield code="p">25620</subfield>
    <subfield code="r">2021-02-27 00:00:00</subfield>
    <subfield code="w">2021-02-27</subfield>
    <subfield code="y">BK</subfield>
  </datafield>
</record>
